Word Ladder: For the Birds Quiz Stats

 Plays Quiz Updated Aug 18, 2014

Support Sporcle.
Go Orange.
Score 0/42 Timer 04:00
0 Plays Today
Hint 4-Letter Word % Correct
*Disney's Donald*DUCK
99.8%
What a tongue does to ice creamLICK
98%
Opposite of hateLOVE
97.9%
Hair pestsLICE
97.1%
Broadcast as it happensLIVE
96.6%
It can be good or badLUCK
95.9%
*Cooing bird*DOVE
94.6%
Edge of night and morningDAWN
93.7%
*Bird of prey*HAWK
90.8%
Actress Goldie of 'Private Benjamin'HAWN
89.5%
Fat for cookingLARD
89.3%
Actor Foley or FrancoDAVE
88.4%
Not fastSLOW
86.7%
Watery precipitationRAIN
85.9%
Recognition of Herald AngelsHARK
85.3%
A childhood challengeDARE
85.3%
Recompensed for workPAID
85.2%
*Songbird*LARK
85%
A child's bucket at the beachPAIL
85%
*Relative of the raven*CROW
84.7%
Birthday candle extinguisherBLOW
84.6%
Hint 4-Letter Word % Correct
Placed to restLAID
84.6%
A mild expletiveDARN
84.2%
An opening for a coinSLOT
83.5%
Area over the eyeBROW
83.4%
To trim an e-pictureCROP
83.2%
Microsoft's search engineBING
81.5%
Famed Chinese dynastyMING
81%
Specially trained police unitSWAT
79.3%
*Graceful water bird*SWAN
78.7%
Group home for poultryCOOP
78.4%
*Marsh bird*RAIL
75.8%
A narrow flat stripSLAT
75.2%
PrimaryMAIN
75.2%
Neighbor of Wisc. and N. Dak.MINN.
71%
'Heat' director MichaelMANN
65.9%
HookahBONG
65.1%
*Northern water bird*LOON
57.2%
*Dark swimming bird*COOT
52.7%
Sordid bountyLOOT
52.4%
A benefitBOON
51.9%
Former Oriole PowellBOOG
49.2%

Today's Daily Dose

You're not logged in!

Compare scores with friends on all Sporcle quizzes.
OR
Log In

From the Vault

#6 Athletes

by NYYanks

The athletes go deep six on their competitors.
Remove Ads.
Support Sporcle.
Get the best of Sporcle when you Go Orange. This ad-free experience offers more features, more stats, and more fun while also helping to support Sporcle. Thank you for becoming a member.

Show Comments

Extras

Top Quizzes Today


Score Distribution

Your Account Isn't Verified!

In order to create a playlist on Sporcle, you need to verify the email address you used during registration. Go to your Sporcle Settings to finish the process.

Report this User

Report this user for behavior that violates our Community Guidelines.

Details: